UM Logo

The Maranaw Torogan/ (Record no. 15670)

MARC details
000 -LEADER
fixed length control field 00517nam a22001577a 4500
008 - FIXED-LENGTH DATA ELEMENTS--GENERAL INFORMATION
fixed length control field 201016b ||||| |||| 00| 0 eng d
020 ## - INTERNATIONAL STANDARD BOOK NUMBER
International Standard Book Number 9-71232017-0
082 ## - DEWEY DECIMAL CLASSIFICATION NUMBER
Edition number 1996
Classification number DFil 306.89599
Item number M26
100 ## - MAIN ENTRY--PERSONAL NAME
Personal name Madale, Abdullah T.
9 (RLIN) 34991
245 ## - TITLE STATEMENT
Title The Maranaw Torogan/
Statement of responsibility, etc. Abdullah T. Madale
260 ## - PUBLICATION, DISTRIBUTION, ETC. (IMPRINT)
Place of publication, distribution, etc. Manila:
Name of publisher, distributor, etc. Rex Book Store,
Date of publication, distribution, etc. ©1996.
300 ## - PHYSICAL DESCRIPTION
Extent vii,183 pages:
Other physical details illustrations;
Dimensions 23 cm.
500 ## - GENERAL NOTE
General note Includes bibliographical references.
650 ## - SUBJECT ADDED ENTRY--TOPICAL TERM
Topical term or geographic name as entry element Ethnology -- Philippines.
9 (RLIN) 42409
942 ## - ADDED ENTRY ELEMENTS (KOHA)
Source of classification or shelving scheme Dewey Decimal Classification
Koha item type Filipiniana
Holdings
Withdrawn status Lost status Source of classification or shelving scheme Damaged status Not for loan Collection code Home library Current library Date acquired Source of acquisition Total Checkouts Full call number Barcode Date last seen Copy number Price effective from Koha item type
    Dewey Decimal Classification     Filipiniana UM Digos College - LIC UM Digos College - LIC 10/16/2020 Purchase   DFil 306.89599 M26 1996 13871 05/15/2025 2 10/16/2020 Filipiniana
    Dewey Decimal Classification     Filipiniana UM Digos College - LIC UM Digos College - LIC 10/16/2020 Purchase   DFil 306.89599 M26 1996 13872 05/15/2025 3 10/16/2020 Filipiniana